| 000 | 00707nam a2200181Ia 4500 | ||
|---|---|---|---|
| 008 | 090124s9999 xx 000 0 und d | ||
| 082 | _b33776 | ||
| 100 | _aओक सुनेत्रा. | ||
| 245 | _a कथायोगिनी: भाग 1 (निवडक कथा)1954 ते 1976 | ||
| 250 | _a1 | ||
| 260 |
_bजोगळेकर योगिनी _c2006 |
||
| 300 | _a236 | ||
| 600 | _aओक सुनेत्रा. | ||
| 630 | _a कथायोगिनी: भाग 1 (निवडक कथा)1954 ते 1976 | ||
| 700 | _aओक सुनेत्रा. | ||
| 730 | _a कथायोगिनी: भाग 1 (निवडक कथा)1954 ते 1976 | ||
| 942 | _cBOOK | ||
| 999 |
_c188643 _d188643 |
||